[Event "Genova Spring 7th"]
[Site "Genova"]
[Date "2004.03.13"]
[Round "2"]
[White "Nastrelli, Roberto"]
[Black "Molina, Fabrizio"]
[Result "0-1"]
[WhiteElo "1779"]
[BlackElo "2243"]
[PlyCount "72"]
[EventDate "2004.03.12"]
[EventType "swiss"]
[EventRounds "5"]
[EventCountry "ITA"]
[SourceTitle "EXT 2024"]
[Source "ChessBase"]
[SourceDate "2023.10.10"]
[SourceVersion "1"]
[SourceVersionDate "2023.10.10"]
[SourceQuality "1"]

1. e4 d6 2. d4 Nf6 3. Nc3 Nbd7 4. Nf3 e5 5. dxe5 dxe5 6. a3 c6 7. Bc4 Be7 8. 0-0 Qc7 9. Qe2 h6 10. b4 b5 11. Bb3 Nf8 12. Rd1 Ng6 13. g3 0-0 14. Bb2 a5 15. bxa5 Rxa5 16. a4 b4 17. Nb1 Ba6 18. Bc4 Ra8 19. Nbd2 Nd7 20. h4 Bf6 21. h5 Ngf8 22. c3 c5 23. Bb5 Nb6 24. cxb4 cxb4 25. Nb3 Bxb5 26. axb5 Rxa1 27. Rxa1 Rxa1+ 28. Bxa1 Ne6 29. Ne1 Nd4 30. Nxd4 exd4 31. Qd2 Qc4 32. Nd3 Qxb5 33. Nxb4 Nc4 34. Qe1 Qxh5 35. Nd5 d3 36. Bxf6 d2 0-1